| 000 | 00406nam a22001457a 4500 | ||
|---|---|---|---|
| 020 | _qHB. | ||
| 040 | _cFIZZA ISHAQ | ||
| 082 |
_a709.73 _bDAN |
||
| 100 |
_a Mendelowitz, Daniel M. _9132202 |
||
| 245 |
_aA History of American Art / _c Daniel M. Mendelowitz. |
||
| 250 | _a2ND ED. | ||
| 260 |
_aNEW YORK: _b Holt Rinehart & Winston, _c1970. |
||
| 300 |
_a522 P. ; _c 8 x 1 x 10.25 inches |
||
| 942 |
_2ddc _cBK |
||
| 999 |
_c615461 _d615461 |
||